[Event "40th World Junior Girls"]
[Site "Gandhinagar IND"]
[Date "2024.06.11"]
[Round "9.40"]
[White "Deepak, Laksshana"]
[Black "Aditri Shome"]
[Result "0-1"]
[WhiteTitle "WCM"]
[WhiteElo "1727"]
[BlackElo "1620"]
[WhiteFideId "25980548"]
[BlackFideId "25164198"]
[EventDate "2024.06.02"]

1. d4 d5 2. Nf3 Nf6 3. Bf4 e6 4. e3 c5 5. Nbd2 Nc6 6. c3 Qb6 7. Rb1 Nh5 8. Bg3
Nxg3 9. hxg3 Bd7 10. Bd3 h6 11. O-O Be7 12. Re1 O-O 13. a4 cxd4 14. exd4 Rac8
15. b4 Bf6 16. Nb3 Qc7 17. Qd2 Nb8 18. Nc5 b6 19. Nxd7 Qxd7 20. Bb5 Qd6 21. Rbc1
Rfd8 22. Ne5 Bxe5 23. Rxe5 Nd7 24. Re3 Nf6 25. Bd3 Qc6 26. Qc2 Qd6 27. Qe2 Rc7
28. f4 g6 29. Qf3 Qd7 30. Bb5 Qd6 31. g4 Ne4 32. f5 g5 33. fxe6 fxe6 34. Qh3 Kg7
35. Rf3 Rf8 36. Rxf8 Qxf8 37. Rf1 Qe7 38. Rf3 Rc8 39. Qh2 Qd6 40. Qh5 Rf8 41.
Qh3 Rf4 42. Be8 Qf8 43. Qh5 Rf6 44. Kh2 Qd6+ 45. Kg1 Ng3 46. Rxf6 Nxh5 47. Rf7+
Kg8 48. gxh5 Qd8 49. Rxa7 Qxe8 0-1

[Event "40th World Junior Girls"]
[Site "Gandhinagar IND"]
[Date "2024.06.11"]
[Round "9.41"]
[White "Modipalli Deekshitha"]
[Black "Kirthika, B"]
[Result "0-1"]
[WhiteElo "1678"]
[BlackElo "1724"]
[WhiteFideId "33389454"]
[BlackFideId "25981323"]
[EventDate "2024.06.02"]

1. d4 Nf6 2. c4 g6 3. Nc3 Bg7 4. Nf3 O-O 5. Bg5 h6 6. Bh4 c5 7. d5 d6 8. e3 Bf5
9. Nd2 Qb6 10. Qc1 g5 11. Bg3 Nh5 12. Be2 Bg6 13. O-O Nxg3 14. hxg3 Nd7 15. a4
Rae8 16. a5 Qd8 17. e4 e6 18. Bd3 a6 19. Bc2 Ne5 20. Qd1 f5 21. dxe6 Rxe6 22.
exf5 Bxf5 23. Bxf5 Rxf5 24. g4 Rf4 25. Nde4 Nc6 26. Qd5 Qe7 27. g3 Rf7 28. Qd3
Ne5 29. Qc2 Nxg4 30. Nd5 Qf8 31. Kg2 Rf3 32. Rae1 Bd4 33. Re2 Re5 34. b3 Kg7 35.
b4 h5 36. bxc5 dxc5 37. Qd1 Rf7 38. f3 Nh6 39. Qd3 Ref5 40. f4 gxf4 41. Nxf4 Qc8
42. Qf3 Be5 43. Qe3 Ng4 44. Qd2 h4 45. Ng5 Qc6+ 46. Kh3 Bxf4 47. gxf4 Rxg5 48.
fxg5 Rxf1 49. Re7+ Kg6 50. Qd3+ Rf5 51. Rg7+ Kh5 52. Rh7+ Kxg5 53. Rh5+ Kxh5 54.
Qxf5+ Kh6 55. Kxg4 Qg6+ 56. Qxg6+ Kxg6 57. Kxh4 Kf5 0-1

[Event "40th World Junior Girls"]
[Site "Gandhinagar IND"]
[Date "2024.06.11"]
[Round "9.42"]
[White "Pranavasri S"]
[Black "Fang, Kun"]
[Result "1/2-1/2"]
[BlackTitle "WCM"]
[WhiteElo "1610"]
[BlackElo "1803"]
[WhiteFideId "33406758"]
[BlackFideId "5819660"]
[EventDate "2024.06.02"]

1. e4 e5 2. Nf3 Nc6 3. Bc4 Bc5 4. O-O Nf6 5. d4 Bxd4 6. Nxd4 Nxd4 7. Bg5 h6 8.
Bh4 g5 9. f4 d5 10. exd5 Bg4 11. Qe1 Nxc2 12. Qxe5+ Qe7 13. Qxe7+ Kxe7 14. fxg5
Nd7 15. g6+ Kd6 16. Bg3+ Kc5 17. Rc1 Kxc4 18. Rxc2+ Kxd5 19. Rxc7 fxg6 20. Nc3+
Ke6 21. Re1+ Kf7 22. Ne4 b6 23. h3 Be6 24. Rf1+ Ke8 25. Nf6+ Ke7 26. Nxd7 Bxd7
27. Re1+ Kd8 28. Rd1 Rh7 29. Bd6 Rf7 30. Be5 Ke8 31. Rd6 Bf5 32. Rdc6 Rd8 33.
Bf6 Rxc7 34. Rxc7 Rd7 35. Rc6 Kf7 36. Bc3 h5 37. Kf2 Ke7 38. Kg3 Kf7 39. Kf4 Re7
40. Be5 Bb1 41. Rf6+ Ke8 42. Bc3 Re2 43. Kf3 Re7 44. Kf4 Re2 45. Kf3 Re7 1/2-1/2

[Event "40th World Junior Girls"]
[Site "Gandhinagar IND"]
[Date "2024.06.11"]
[Round "9.43"]
[White "Hasini, Kamabathula"]
[Black "Disha U A"]
[Result "0-1"]
[WhiteElo "1758"]
[BlackElo "1660"]
[WhiteFideId "25712837"]
[BlackFideId "25915622"]
[EventDate "2024.06.02"]

1. e4 d6 2. d4 Nf6 3. Nc3 g6 4. f4 Bg7 5. Bd3 O-O 6. Nf3 Nc6 7. e5 dxe5 8. fxe5
Ng4 9. Be2 Nh6 10. Ne4 Bf5 11. Ng3 Qd7 12. O-O Rad8 13. c3 Kh8 14. Bb5 a6 15.
Bxc6 Qxc6 16. Bxh6 Bxh6 17. Nxf5 gxf5 18. Nh4 Be3+ 19. Kh1 f4 20. Nf5 f6 21.
Nxe3 fxe3 22. exf6 Rxf6 23. Rxf6 exf6 24. Qf3 Qxf3 25. gxf3 Kg7 26. Rg1+ Kh6 27.
Re1 Re8 28. Kg2 Kg5 29. Kg3 h5 30. f4+ Kf5 31. Re2 Ke4 32. h3 Rg8+ 33. Kh2 Kxf4
34. Rg2 Re8 35. Kg1 e2 0-1

[Event "40th World Junior Girls"]
[Site "Gandhinagar IND"]
[Date "2024.06.11"]
[Round "9.44"]
[White "Drishtee Ghosh"]
[Black "Mishra Riya"]
[Result "1-0"]
[WhiteElo "1700"]
[BlackElo "1654"]
[WhiteFideId "25164074"]
[BlackFideId "35024868"]
[EventDate "2024.06.02"]

1. e4 e5 2. Bc4 Bc5 3. Nc3 Nf6 4. d3 d6 5. f4 Ng4 6. f5 Nf2 7. Qh5 Qd7 8. Be6
Qe7 9. Nd5 g6 10. Qh6 Qf8 11. Bxc8 a5 12. Bg5 Qxh6 13. Nxc7+ Kf8 14. Bxh6+ Ke7
15. Bg5+ Kf8 16. Nxa8 Nxh1 17. Nh3 b6 18. Ke2 Nc6 19. Rxh1 gxf5 20. Bxf5 Nd4+
21. Kd2 Nxf5 22. exf5 Kg7 23. Nc7 Rc8 24. Nd5 h6 25. Bf6+ Kh7 26. Rf1 Rg8 27. g3
b5 28. Nf2 b4 29. Ne4 Rb8 30. Nxc5 dxc5 31. Bxe5 1-0

[Event "40th World Junior Girls"]
[Site "Gandhinagar IND"]
[Date "2024.06.11"]
[Round "9.45"]
[White "Durga Karthika Lellapalli"]
[Black "Varshita Jain"]
[Result "0-1"]
[WhiteElo "1631"]
[BlackElo "1676"]
[WhiteFideId "25130889"]
[BlackFideId "25681907"]
[EventDate "2024.06.02"]

1. e4 e5 2. Nf3 Nf6 3. Nxe5 d6 4. Nf3 Nxe4 5. Nc3 Nxc3 6. dxc3 Be7 7. Be3 Nd7 8.
Qd2 Nf6 9. Bd3 d5 10. O-O-O O-O 11. h3 c5 12. g4 Be6 13. Ng5 Qa5 14. Kb1 c4 15.
Bf5 Bxf5 16. gxf5 Rfc8 17. Bd4 Rc6 18. b3 Nd7 19. Rhg1 Bf6 20. Rg3 Qa3 21. Qf4
Ra6 22. b4 Nc5 23. Bxf6 Na4 24. Qc1 Nxc3+ 25. Ka1 Qxa2# 0-1

[Event "40th World Junior Girls"]
[Site "Gandhinagar IND"]
[Date "2024.06.11"]
[Round "9.46"]
[White "Banker Reya"]
[Black "Benito De Leo, Estefania"]
[Result "0-1"]
[WhiteElo "1421"]
[BlackElo "1900"]
[WhiteFideId "25146491"]
[BlackFideId "5135311"]
[EventDate "2024.06.02"]

1. d4 Nf6 2. c4 e6 3. Nc3 Bb4 4. e3 O-O 5. Ne2 d5 6. a3 Be7 7. Nf4 c6 8. Bd3
Nbd7 9. O-O dxc4 10. Bxc4 e5 11. Nfe2 exd4 12. Nxd4 Ne5 13. Ba2 Ng6 14. b4 a5
15. b5 c5 16. Nde2 Qc7 17. Qc2 Bd6 18. Ng3 Kh8 19. Kh1 Be6 20. Bxe6 fxe6 21. a4
b6 22. Ba3 Nd5 23. Nxd5 exd5 24. Rfd1 Bxg3 25. hxg3 Rad8 26. Bb2 Ne5 27. e4 Ng4
28. Rd2 Qf7 29. Kg1 Qh5 30. Qc3 d4 31. Qc1 Qh2+ 32. Kf1 Qh1+ 33. Ke2 d3+ 34.
Rxd3 Rxf2# 0-1

[Event "40th World Junior Girls"]
[Site "Gandhinagar IND"]
[Date "2024.06.11"]
[Round "9.47"]
[White "Prasiddhi Bhat"]
[Black "Falak Joni Naik"]
[Result "1-0"]
[WhiteElo "1715"]
[BlackElo "1653"]
[WhiteFideId "25602217"]
[BlackFideId "45069310"]
[EventDate "2024.06.02"]

1. d4 d5 2. Nf3 Nf6 3. e3 g6 4. Bd3 Bg7 5. b3 O-O 6. O-O Nbd7 7. Bb2 b6 8. Nbd2
c5 9. Qe2 Bb7 10. Ne5 cxd4 11. exd4 Nxe5 12. dxe5 Nd7 13. c4 Nc5 14. Bc2 d4 15.
b4 d3 16. Qe3 Na6 17. b5 dxc2 18. bxa6 Bxa6 19. Rac1 b5 20. Rxc2 bxc4 21. Rfc1
Qd3 22. Nxc4 Rad8 23. h3 Bxc4 24. Rxc4 Qxe3 25. fxe3 Rd3 26. Bd4 f5 27. R1c2 g5
28. Rc8 f4 29. Rxf8+ Bxf8 30. Bxa7 fxe3 31. Kf1 Rd5 32. Bxe3 Rxe5 33. Ke2 Kf7
34. Rc5 Rxc5 35. Bxc5 Bg7 36. a4 Bc3 37. Bb6 Ke8 38. a5 Kd7 39. a6 Kc6 40. a7
Kb7 41. Be3 Bf6 42. Kf3 h5 43. g4 hxg4+ 44. Kxg4 e6 45. Kh5 Bd8 46. Kg6 Ka8 47.
Kf7 g4 48. hxg4 e5 49. Ke6 e4 50. Kd5 Bh4 51. Kxe4 Be7 1-0

[Event "40th World Junior Girls"]
[Site "Gandhinagar IND"]
[Date "2024.06.11"]
[Round "9.48"]
[White "Aashi Upadhyay"]
[Black "Prakash Vaishnavi"]
[Result "1/2-1/2"]
[WhiteElo "1653"]
[BlackElo "1632"]
[WhiteFideId "25620789"]
[BlackFideId "46660445"]
[EventDate "2024.06.02"]

1. e4 e5 2. Nf3 Nc6 3. d4 exd4 4. Bc4 Nf6 5. e5 d5 6. Bb5 Ne4 7. Nxd4 Bc5 8. Be3
O-O 9. Bxc6 bxc6 10. O-O Bb6 11. Nxc6 Qd7 12. Bxb6 axb6 13. Nb4 d4 14. Nd2 Nxd2
15. Qxd2 c5 16. Nd3 Qd5 17. a3 Bb7 18. f4 f6 19. Rae1 c4 20. Nb4 Qc5 21. Qf2
Rad8 22. exf6 Rxf6 23. Re5 Qxe5 24. fxe5 Rxf2 25. Kxf2 Kf7 1/2-1/2

[Event "40th World Junior Girls"]
[Site "Gandhinagar IND"]
[Date "2024.06.11"]
[Round "9.49"]
[White "ANDHIN, tehjha Nidhi"]
[Black "Cumacenko, Saule"]
[Result "0-1"]
[WhiteElo "1361"]
[BlackElo "1595"]
[WhiteFideId "9700510"]
[BlackFideId "12835560"]
[EventDate "2024.06.02"]

1. d4 d5 2. c4 e6 3. cxd5 exd5 4. Nf3 Nf6 5. Nc3 c6 6. Bg5 Bf5 7. e3 Nbd7 8. Be2
Qb6 9. Na4 Qa5+ 10. Nc3 Bb4 11. Qc1 Ne4 12. O-O Nxc3 13. Bd1 Nxa2 14. Rxa2 Qxa2
15. Bc2 Bxc2 16. Qxc2 f6 17. Bf4 O-O 18. e4 dxe4 19. Qxe4 Qd5 20. Qd3 Bd6 21.
Bxd6 Qxd6 22. Qb3+ Rf7 23. Qxb7 Nb6 24. Qa6 Re8 25. g3 Qd5 26. Kg2 Nc4 27. Rc1
Nd2 28. Rc3 Rfe7 29. Qd3 Qxf3+ 0-1

[Event "40th World Junior Girls"]
[Site "Gandhinagar IND"]
[Date "2024.06.12"]
[Round "10.1"]
[White "Divya, Deshmukh"]
[Black "Sachi Jain"]
[Result "1-0"]
[WhiteTitle "IM"]
[BlackTitle "WFM"]
[WhiteElo "2456"]
[BlackElo "2124"]
[WhiteFideId "35006916"]
[BlackFideId "25974050"]
[EventDate "2024.06.02"]

1. c4 e6 2. Nc3 d5 3. d4 Be7 4. cxd5 exd5 5. Bf4 c6 6. e3 Nf6 7. Bd3 Bd6 8. Nf3
Bxf4 9. exf4 O-O 10. h3 Qd6 11. Ne5 c5 12. dxc5 Qxc5 13. O-O a6 14. Rc1 Nc6 15.
Re1 Qd6 16. g4 Ne7 17. Bb1 Nd7 18. Ne4 Qh6 19. Ng5 Nf6 20. Rc7 Ng6 21. Bxg6 fxg6
22. Nef7 Qh4 23. Ree7 Bxg4 24. hxg4 Nxg4 25. Nh6+ Qxh6 26. Qxg4 1-0

[Event "40th World Junior Girls"]
[Site "Gandhinagar IND"]
[Date "2024.06.12"]
[Round "10.2"]
[White "Gunawardhana, Devindya Oshini"]
[Black "Mkrtchyan, Mariam"]
[Result "0-1"]
[WhiteTitle "WFM"]
[BlackTitle "WIM"]
[WhiteElo "1980"]
[BlackElo "2300"]
[WhiteFideId "29941482"]
[BlackFideId "13310828"]
[EventDate "2024.06.02"]

1. e4 e5 2. Nf3 Nc6 3. Bb5 a6 4. Ba4 Nge7 5. c3 Ng6 6. d4 exd4 7. cxd4 Bb4+ 8.
Nc3 d5 9. e5 Bg4 10. Bxc6+ bxc6 11. h3 Bxf3 12. Qxf3 O-O 13. a3 Be7 14. O-O f6
15. Qh5 fxe5 16. dxe5 Bc5 17. Be3 Bxe3 18. fxe3 Qe7 19. Ne2 Qxe5 20. Qxe5 Nxe5
21. Nd4 a5 22. Rxf8+ Kxf8 23. Rf1+ Ke7 24. Rf5 Kd6 25. Rh5 g6 26. Rxh7 Rb8 27.
h4 c5 28. Ne2 Rxb2 29. Nf4 c4 30. h5 gxh5 31. Rh6+ Kc5 32. Rxh5 Rb1+ 33. Kf2
Nd3+ 34. Ke2 Rb2+ 35. Kd1 Nxf4 36. exf4 c3 37. f5 Kc4 38. f6 Rf2 39. g4 Rxf6 40.
Rf5 Rh6 41. Rf1 d4 42. g5 Rb6 43. Kc1 Rb2 44. g6 Rg2 45. Rh1 d3 46. a4 Kb3 47.
Kb1 Rxg6 48. Ka1 Re6 49. Rb1+ Kc2 50. Ka2 Re4 0-1

[Event "40th World Junior Girls"]
[Site "Gandhinagar IND"]
[Date "2024.06.12"]
[Round "10.3"]
[White "Abdinova, Narmin"]
[Black "Rakshitta, Ravi"]
[Result "0-1"]
[BlackTitle "WGM"]
[WhiteElo "2121"]
[BlackElo "2271"]
[WhiteFideId "13425340"]
[BlackFideId "25073230"]
[EventDate "2024.06.02"]

1. c4 e5 2. Nc3 Nc6 3. Nf3 Nf6 4. g3 d5 5. cxd5 Nxd5 6. Bg2 Nb6 7. O-O Be7 8. a3
O-O 9. b4 Re8 10. d3 Bf8 11. Bb2 a5 12. b5 Nd4 13. Nd2 c6 14. bxc6 Nxc6 15. Rc1
Bg4 16. Nb5 Qd7 17. Re1 Rac8 18. Ne4 Nd4 19. Nxd4 exd4 20. Rxc8 Rxc8 21. Qa1 Rd8
22. Nd2 Na4 23. Nc4 Be6 24. Rc1 Nc5 25. Qb1 Nb3 26. Rc2 f6 27. Bc1 a4 28. Bf4
Qb5 29. Qb2 g5 30. Bd2 Rc8 31. Bf1 Qa6 32. Qb1 b5 33. Nb2 Nxd2 34. Rxd2 Bxa3 35.
e3 Qc6 36. exd4 Qc1 37. Qxc1 Rxc1 38. Nd1 Bb4 39. Re2 Bg4 40. Rb2 Rxd1 0-1

[Event "40th World Junior Girls"]
[Site "Gandhinagar IND"]
[Date "2024.06.12"]
[Round "10.4"]
[White "Shubhi Gupta"]
[Black "Norman, Kseniya"]
[Result "1/2-1/2"]
[WhiteTitle "WFM"]
[WhiteElo "1943"]
[BlackElo "2134"]
[WhiteFideId "25195425"]
[BlackFideId "13518780"]
[EventDate "2024.06.02"]

1. d4 g6 2. c4 Bg7 3. g3 d6 4. Nf3 Nd7 5. Bg2 e5 6. e4 Ne7 7. Nc3 O-O 8. O-O h6
9. b3 b6 10. dxe5 dxe5 11. Ba3 Bb7 12. Nd5 Nc5 13. Qc2 c6 14. Bxc5 bxc5 15. Nc3
Nc8 16. Rad1 Qe7 17. Rd2 Nb6 18. Rfd1 Rfd8 19. Qb2 h5 20. Qa3 Rxd2 21. Rxd2 Bf8
22. h4 f6 23. Bh3 Bc8 24. Bxc8 Rxc8 25. Qa6 1/2-1/2

[Event "40th World Junior Girls"]
[Site "Gandhinagar IND"]
[Date "2024.06.12"]
[Round "10.5"]
[White "Allahverdiyeva, Ayan"]
[Black "Swara Lakshmi S Nair"]
[Result "1-0"]
[WhiteTitle "WIM"]
[BlackTitle "WCM"]
[WhiteElo "2133"]
[BlackElo "2051"]
[WhiteFideId "13412590"]
[BlackFideId "25629239"]
[EventDate "2024.06.02"]

1. e4 c5 2. Nf3 d6 3. d4 cxd4 4. Nxd4 Nf6 5. Nc3 a6 6. h3 e5 7. Nb3 Be7 8. g4 h6
9. Be3 b5 10. a4 Bb7 11. axb5 Nxe4 12. Nd5 Nf6 13. Bg2 Nxd5 14. Bxd5 Qc8 15. Na5
Bxd5 16. Qxd5 Nd7 17. b6 Rb8 18. b7 Qxc2 19. Rc1 Nf6 20. Qf3 Qa4 21. Rc8+ Bd8
22. Qc6+ 1-0

[Event "40th World Junior Girls"]
[Site "Gandhinagar IND"]
[Date "2024.06.12"]
[Round "10.6"]
[White "Krasteva, Beloslava"]
[Black "Bhat Sannidhi Ramakrishna"]
[Result "1-0"]
[WhiteTitle "FM"]
[WhiteElo "2289"]
[BlackElo "1842"]
[WhiteFideId "2922029"]
[BlackFideId "25792695"]
[EventDate "2024.06.02"]

1. d4 Nc6 2. d5 Nb8 3. e4 d6 4. c4 g6 5. Nc3 Bg7 6. Bd3 Nf6 7. h3 Nbd7 8. Nf3
O-O 9. Be3 e6 10. O-O Re8 11. Bc2 exd5 12. cxd5 Nc5 13. Bxc5 dxc5 14. e5 Nd7 15.
e6 Ne5 16. Re1 Nc4 17. Qe2 Nd6 18. e7 Qd7 19. Ba4 c6 20. dxc6 bxc6 21. Rad1 Qc7
22. Qd2 Bxc3 23. bxc3 Nb7 24. Qh6 Rxe7 25. Ng5 f6 26. Bb3+ Kh8 27. Qf8# 1-0

[Event "40th World Junior Girls"]
[Site "Gandhinagar IND"]
[Date "2024.06.12"]
[Round "10.7"]
[White "Wikar, Martyna"]
[Black "Sneha Halder"]
[Result "1-0"]
[WhiteTitle "WIM"]
[WhiteElo "2272"]
[BlackElo "1958"]
[WhiteFideId "21807663"]
[BlackFideId "25693263"]
[EventDate "2024.06.02"]

1. e4 d5 2. exd5 Qxd5 3. Nc3 Qd8 4. d4 Nf6 5. Nf3 c6 6. Be2 Bf5 7. O-O e6 8. Nh4
Bg6 9. Bf3 Nbd7 10. g3 Bb4 11. Qe2 Bxc3 12. bxc3 O-O 13. Nxg6 hxg6 14. Bg2 Qa5
15. Bd2 Qf5 16. Qd3 Rfd8 17. a4 e5 18. Qxf5 gxf5 19. Bg5 e4 20. Rab1 b6 21. c4
Re8 22. Rfd1 Rac8 23. Bf1 Kh7 24. Rb3 Kg6 25. h4 Ng4 26. Be2 f6 27. Bf4 Kh5 28.
Kg2 g5 29. hxg5 fxg5 30. Rh1+ Kg6 31. Bxg4 fxg4 32. Bd6 Rh8 33. Rxh8 Rxh8 34. a5
Kf5 35. Bc7 Ra8 36. Kf1 bxa5 37. Ra3 e3 38. Rxe3 a4 39. c5 Nf6 40. Ra3 Nd5 41.
Be5 Ke4 42. Ke1 a5 43. c4 Nb4 44. Kd2 Rf8 45. Re3+ Kf5 46. Bc7 Kg6 47. Re6+ Kh7
48. Bxa5 Rxf2+ 49. Re2 Rxe2+ 50. Kxe2 Na6 51. Kd2 Kg6 52. d5 Nxc5 53. dxc6 Ne4+
54. Kd3 Nd6 55. Kd4 Kf7 56. Kd5 Nc8 57. c7 a3 58. Kc6 a2 59. Bc3 Ke6 60. c5 Ne7+
61. Kb7 Kd5 62. c6 Kc5 63. Bf6 Nf5 64. Be5 Ne7 65. Bb2 Kd5 66. Bf6 Nf5 67. c8=N
Nxg3 68. Nb6+ Ke6 69. c7 Kxf6 70. c8=Q Nf5 71. Qc3+ Kg6 72. Nd5 g3 73. Qf6+ Kh5
74. Qxf5 a1=Q 75. Nf4+ 1-0

[Event "40th World Junior Girls"]
[Site "Gandhinagar IND"]
[Date "2024.06.12"]
[Round "10.8"]
[White "Hryzlova, Sofiia"]
[Black "Rindhiya, V"]
[Result "1/2-1/2"]
[WhiteTitle "WIM"]
[BlackTitle "WFM"]
[WhiteElo "2246"]
[BlackElo "1965"]
[WhiteFideId "14174669"]
[BlackFideId "25040529"]
[EventDate "2024.06.02"]

1. Nf3 Nf6 2. c4 e6 3. g3 d5 4. Bg2 d4 5. O-O c5 6. e3 Nc6 7. exd4 cxd4 8. d3
Bd6 9. Na3 O-O 10. Re1 Re8 11. Nc2 e5 12. b4 Nxb4 13. Nxb4 Bxb4 14. Rxe5 Rxe5
15. Nxe5 Qe7 16. Nf3 Bg4 17. Bb2 Rd8 18. h3 Bxf3 19. Qxf3 b6 20. Rc1 Bc5 21. Bf1
Re8 22. Rd1 h6 23. Bc1 a5 24. Bd2 Qd6 25. Rb1 Nd7 26. Bg2 Qg6 27. Bf4 Ne5 28.
Qe4 Qxe4 29. Bxe4 Nxc4 30. Re1 Kf8 31. dxc4 f5 32. f3 d3+ 33. Kf1 Bb4 34. Bd6+
Bxd6 35. Bxd3 Rxe1+ 36. Kxe1 Bxg3+ 37. Ke2 g6 38. Ke3 Ke7 39. Bc2 Kd6 40. Ba4
Ke5 41. Be8 g5 42. a4 Bh4 43. Bd7 Bg3 44. Be8 Bh4 45. Bd7 Be1 46. Be8 Bb4 47.
Bg6 Bc5+ 48. Kd3 Kf4 49. Ke2 Bd4 50. Bh7 h5 51. Bg6 h4 52. Bh7 g4 53. fxg4 fxg4
54. hxg4 h3 55. Kf1 Kxg4 56. Bg8 Kf4 57. Be6 h2 58. Kg2 Ke5 59. Bd7 Kd6 60. Bb5
Be5 61. Kh1 Kc5 62. Kg2 Kb4 1/2-1/2

[Event "40th World Junior Girls"]
[Site "Gandhinagar IND"]
[Date "2024.06.12"]
[Round "10.9"]
[White "Agajanova, Meryem"]
[Black "Kaldarova, Ayaulym"]
[Result "0-1"]
[WhiteTitle "WCM"]
[BlackTitle "WFM"]
[WhiteElo "1955"]
[BlackElo "2100"]
[WhiteFideId "14005930"]
[BlackFideId "13720503"]
[EventDate "2024.06.02"]

1. d4 Nf6 2. c4 e6 3. g3 c5 4. d5 exd5 5. cxd5 d6 6. Nc3 g6 7. Bg2 Bg7 8. Nf3
O-O 9. O-O Re8 10. Nd2 a6 11. a4 Nbd7 12. a5 b5 13. axb6 Nxb6 14. h3 Nfd7 15. e4
Ne5 16. f4 Nd3 17. Qc2 Nxc1 18. Raxc1 Rb8 19. Rfe1 Bd7 20. Kh2 f5 21. Qd3 c4 22.
Nxc4 Nxc4 23. Qxc4 Rxb2 24. Qxa6 Qb8 25. Nd1 Rb4 26. Nf2 Bd4 27. Nd1 Bb5 28. Qa5
Bd3 29. Nc3 Bf2 30. Red1 fxe4 31. Bf1 Rb2 32. Bxd3 Bb6+ 0-1

[Event "40th World Junior Girls"]
[Site "Gandhinagar IND"]
[Date "2024.06.12"]
[Round "10.10"]
[White "Balabayeva, Xeniya"]
[Black "Kheerthi, Ganta"]
[Result "1-0"]
[WhiteTitle "WIM"]
[BlackTitle "WFM"]
[WhiteElo "2246"]
[BlackElo "1987"]
[WhiteFideId "13719688"]
[BlackFideId "25626280"]
[EventDate "2024.06.02"]

1. e4 c6 2. d4 d5 3. Nd2 dxe4 4. Nxe4 Nf6 5. Qd3 Nbd7 6. Nf3 Nxe4 7. Qxe4 Nf6 8.
Qf4 g6 9. Bd3 Bg7 10. Bd2 Qd6 11. h3 Be6 12. O-O-O Rd8 13. Rhe1 Qxf4 14. Bxf4
O-O 15. c4 Ne8 16. Be5 Bh6+ 17. Kc2 Nd6 18. b3 Rd7 19. g4 Rfd8 20. Kc3 Ne8 21.
a4 a5 22. Bf1 Nc7 23. Bg3 Bg7 24. Ne5 Bxe5 25. Bxe5 Na6 26. Bg3 Nb4 27. Rd2 b6
28. Bg2 Ra7 29. f4 Bc8 30. Bf2 Rad7 31. f5 Rb7 32. Be4 e6 33. Bh4 Rf8 34. Bf6 h6
35. h4 Kh7 36. fxg6+ fxg6 37. Rf2 Rbf7 38. Ref1 e5 39. dxe5 Bxg4 40. Rg1 h5 41.
Rxg4 hxg4 42. h5 Kg8 43. hxg6 Rg7 44. Bf5 Re8 45. Rg2 c5 46. Be4 Re6 47. Rxg4
Kf8 48. Rh4 Rg8 49. Bf5 Re7 50. Bxe7+ Kxe7 51. Rh7+ Kd8 52. Ra7 1-0

[Event "40th World Junior Girls"]
[Site "Gandhinagar IND"]
[Date "2024.06.12"]
[Round "10.11"]
[White "Zhurova, Anna"]
[Black "Arshiya Das"]
[Result "1-0"]
[WhiteTitle "WFM"]
[BlackTitle "WCM"]
[WhiteElo "2239"]
[BlackElo "1919"]
[WhiteFideId "54113075"]
[BlackFideId "25652150"]
[EventDate "2024.06.02"]

1. e4 c5 2. Nc3 d6 3. Nf3 Nf6 4. d4 cxd4 5. Nxd4 a6 6. Be3 e5 7. Nb3 Be6 8. h3
Nbd7 9. g4 h6 10. Qd2 b5 11. O-O-O b4 12. Nd5 a5 13. Bg2 Bxd5 14. exd5 a4 15.
Na1 Qa5 16. f4 Be7 17. Rhf1 O-O 18. g5 hxg5 19. fxg5 Ne8 20. h4 Nc7 21. c4 bxc3
22. Qxc3 Qxc3+ 23. bxc3 Nb5 24. Kd2 Na3 25. Nc2 Nc4+ 26. Ke2 Rfc8 27. Bh3 Rc7
28. Bxd7 Rxd7 29. Rb1 Rc8 30. Bg1 Bd8 31. Nb4 Na5 32. Kd3 g6 33. Na6 Ra8 34. Nb8
Re7 35. Rb4 Bc7 36. Rfb1 Kg7 37. Be3 Kh7 38. c4 Kg7 39. c5 dxc5 40. Bxc5 Re8 41.
Nd7 Red8 42. Nf6 Rdc8 43. Rxa4 Bd8 44. Ne4 f5 45. gxf6+ Bxf6 46. Rxa5 Rxa5 47.
Rb7+ Kh6 48. Nxf6 g5 49. h5 e4+ 50. Kxe4 Ra4+ 51. Kd3 Rh8 52. Bf8+ Rxf8 53. Rh7# 1-0

[Event "40th World Junior Girls"]
[Site "Gandhinagar IND"]
[Date "2024.06.12"]
[Round "10.12"]
[White "Kanyamarala, Trisha"]
[Black "Anupam, M Sreekumar"]
[Result "1/2-1/2"]
[WhiteTitle "WIM"]
[BlackTitle "WCM"]
[WhiteElo "2219"]
[BlackElo "1872"]
[WhiteFideId "45004722"]
[BlackFideId "45033501"]
[EventDate "2024.06.02"]

1. d4 Nf6 2. c4 e6 3. Nf3 Bb4+ 4. Bd2 Bxd2+ 5. Qxd2 d5 6. Nc3 O-O 7. e3 Qe7 8.
Bd3 dxc4 9. Bxc4 c5 10. O-O Rd8 11. Qe2 b6 12. Rfd1 cxd4 13. exd4 Nc6 14. Ne5
Na5 15. d5 Bb7 16. dxe6 Nxc4 17. exf7+ Kf8 18. Nxc4 Qxe2 19. Nxe2 Ba6 20. b3
Bxc4 21. bxc4 Rac8 22. Nd4 Kxf7 23. Nb5 Rxd1+ 24. Rxd1 Rc5 25. Nxa7 Rxc4 26. Nb5
Rc2 27. a3 Ne4 28. f3 Nd2 29. Nd6+ Ke6 30. Ne4 Nxe4 31. fxe4 Rb2 32. Rd8 Ke5 33.
Rd7 g5 34. Rxh7 Kxe4 35. Rg7 Kf4 36. Rf7+ Ke4 37. Rg7 Kf4 38. Rf7+ Ke5 1/2-1/2

[Event "40th World Junior Girls"]
[Site "Gandhinagar IND"]
[Date "2024.06.12"]
[Round "10.13"]
[White "Marium, Fatima"]
[Black "Tejaswini G"]
[Result "0-1"]
[BlackTitle "WIM"]
[WhiteElo "1905"]
[BlackElo "2059"]
[WhiteFideId "45073058"]
[BlackFideId "25749978"]
[EventDate "2024.06.02"]

1. d4 Nf6 2. c4 g6 3. g3 Bg7 4. Bg2 O-O 5. Nc3 d6 6. Nf3 c6 7. e4 Nbd7 8. O-O e5
9. h3 Re8 10. Be3 Qc7 11. d5 Nc5 12. Nd2 a5 13. Kh2 h5 14. a3 a4 15. Bxc5 dxc5
16. Nxa4 cxd5 17. cxd5 b5 18. Nc3 Bd7 19. Qc2 Rec8 20. Nd1 Bh6 21. Ne3 Ne8 22.
Qc3 f6 23. Rfc1 Nd6 24. Nef1 Kh7 25. Re1 Nf7 26. Nf3 Bf8 27. Rac1 Qd6 28. Ne3
Be7 29. Ng1 Bd8 30. Rf1 Ba5 31. Qc2 Bb6 32. Qe2 c4 33. f4 exf4 34. Rxf4 Kg7 35.
Rcf1 Bd8 36. Nf3 Ne5 37. Nd4 Nd3 38. Rh4 Bc7 39. Rf3 Qe5 40. Nec2 Qg5 41. e5
Bxe5 42. Re4 h4 43. Kh1 hxg3 44. Ne3 Nf2+ 45. Rxf2 gxf2 46. Qxf2 Bxd4 47. Rxd4
Re8 48. Nf1 Re5 49. Ng3 Qe3 50. Qxe3 Rxe3 51. Kh2 f5 52. Rd2 Rae8 53. Rf2 Kf6
54. Bf1 g5 55. a4 f4 56. Ne2 bxa4 57. Nd4 c3 58. bxc3 Rxc3 59. Nb5 Rc1 60. Nd4
Ree1 61. Bg2 Red1 62. Ne2 Rc2 63. Be4 Rcd2 64. Bf3 a3 65. h4 g4 66. Be4 g3+ 0-1